[Event "Staatsliga A 1998/99"]
[Site "Gleisdorf "]
[Date "1998.11.14"]
[Round "2.1"]
[White "Schmittdiel, Eckhard"]
[Black "Chernin, Alexander"]
[Result "1/2-1/2"]
[WhiteElo "2470"]
[BlackElo "2610"]
[PlyCount "37"]
[EventDate "1998.11.13"]

1. e4 d6 2. d4 Nf6 3. Nc3 g6 4. Nf3 Bg7 5. h3 O-O 6. Be3 a6 7. a4 b6 8. Bc4 e6
9. O-O Bb7 10. d5 exd5 11. exd5 Re8 12. Re1 Nbd7 13. Bd4 Rxe1+ 14. Qxe1 Qf8 15.
Qf1 Nh5 16. Re1 Bf6 17. Bxf6 Nhxf6 18. Re3 Nc5 19. b3 1/2-1/2

[Event "Staatsliga A 1998/99"]
[Site "Gleisdorf "]
[Date "1998.11.14"]
[Round "2.2"]
[White "Teske, Henrik"]
[Black "Duer, Arne"]
[Result "1-0"]
[WhiteElo "2510"]
[BlackElo "2375"]
[PlyCount "59"]
[EventDate "1998.11.13"]

1. e4 c5 2. Nf3 e6 3. b3 d6 4. Bb2 Nc6 5. Bb5 Bd7 6. Nc3 Nf6 7. d4 cxd4 8. Nxd4
Be7 9. Bxc6 Bxc6 10. Qe2 Rc8 11. O-O-O Qa5 12. f4 O-O 13. g4 d5 14. e5 Ne4 15.
Nxe4 dxe4 16. Kb1 b5 17. f5 Ba3 18. Bxa3 Qxa3 19. fxe6 fxe6 20. Nxe6 Rfe8 21.
Rd6 e3 22. Rc1 Be4 23. Qxb5 Kh8 24. Qd7 Rg8 25. Ng5 Bg6 26. Rxg6 hxg6 27. Nf7+
Kh7 28. g5 Rgf8 29. Qh3+ Kg8 30. e6 1-0

[Event "Staatsliga A 1998/99"]
[Site "Gleisdorf "]
[Date "1998.11.14"]
[Round "2.3"]
[White "Duer, Werner"]
[Black "Stanec, Nikolaus"]
[Result "1/2-1/2"]
[WhiteElo "2310"]
[BlackElo "2495"]
[PlyCount "52"]
[EventDate "1998.11.13"]

1. d4 c5 2. d5 g6 3. e4 Bg7 4. Nf3 d6 5. Be2 Nf6 6. Nc3 O-O 7. O-O Na6 8. Re1
Nc7 9. Bf4 a6 10. a4 Rb8 11. a5 b5 12. axb6 Rxb6 13. Ra2 e5 14. dxe6 Bxe6 15.
b3 Nb5 16. Nb1 d5 17. e5 Ne4 18. Bxb5 axb5 19. Qc1 Re8 20. Ng5 Bf5 21. Nxe4
dxe4 22. Rd1 Qc8 23. Nc3 Ra6 24. Rxa6 Qxa6 25. Nd5 Qc8 26. Bg5 Bxe5 1/2-1/2

[Event "Staatsliga A 1998/99"]
[Site "Gleisdorf "]
[Date "1998.11.14"]
[Round "2.4"]
[White "Felsberger, Alfred"]
[Black "Laube, Bernhard"]
[Result "1/2-1/2"]
[WhiteElo "2395"]
[BlackElo "2285"]
[PlyCount "60"]
[EventDate "1998.11.13"]

1. e4 d6 2. d4 Nf6 3. Nc3 g6 4. Nf3 Bg7 5. Be2 O-O 6. O-O Nc6 7. d5 Nb8 8. h3
c5 9. Bf4 a6 10. a4 Nh5 11. Bh2 Bh6 12. e5 Nf4 13. Re1 Nd7 14. Bc4 f6 15. exd6
exd6 16. Ne2 Nxe2+ 17. Bxe2 Ne5 18. Nd2 b6 19. c3 Ra7 20. Nc4 Re7 21. Qb3 Nxc4
22. Bxc4 Rfe8 23. Re6 Bxe6 24. dxe6 f5 25. Rd1 f4 26. Bxa6 Kh8 27. Bc4 Rf8 28.
f3 Bg7 29. Kh1 Be5 30. Bg1 g5 1/2-1/2

[Event "Staatsliga A 1998/99"]
[Site "Gleisdorf "]
[Date "1998.11.14"]
[Round "2.5"]
[White "Gerhold, Michael"]
[Black "Watzka, Horst"]
[Result "1/2-1/2"]
[WhiteElo "2265"]
[BlackElo "2365"]
[PlyCount "36"]
[EventDate "1998.11.13"]

1. e4 c5 2. c3 d5 3. exd5 Qxd5 4. d4 e6 5. Nf3 Nf6 6. Be2 Nc6 7. O-O cxd4 8.
cxd4 Be7 9. Nc3 Qd8 10. a3 O-O 11. Bd3 b6 12. Be3 Bb7 13. Qe2 Rc8 14. Rad1 Qd6
15. Rfe1 Rcd8 16. Bb1 Rfe8 17. Bg5 g6 18. Ba2 Kg7 1/2-1/2

[Event "Staatsliga A 1998/99"]
[Site "Gleisdorf "]
[Date "1998.11.14"]
[Round "2.3"]
[White "Steflitsch, Erich"]
[Black "Grabher, Heinz"]
[Result "1-0"]
[WhiteElo "2325"]
[BlackElo "2285"]
[PlyCount "81"]
[EventDate "1998.11.13"]

1. e4 c5 2. Nf3 e6 3. d4 cxd4 4. Nxd4 Nf6 5. Nc3 Nc6 6. Ndb5 d6 7. Bf4 e5 8.
Bg5 a6 9. Na3 b5 10. Bxf6 gxf6 11. Nd5 Bg7 12. Bd3 Ne7 13. Nxe7 Qxe7 14. O-O f5
15. c4 O-O 16. Qh5 Rb8 17. exf5 e4 18. Rae1 Bb7 19. Re3 bxc4 20. Bxc4 Qe5 21.
Rh3 h6 22. Nc2 d5 23. Ne3 Rfd8 24. Ng4 Qf4 25. f6 Qg5 26. fxg7 Qxh5 27. Nf6+
Kxg7 28. Nxh5+ Kg6 29. Be2 Bc8 30. Rg3+ Kf5 31. b3 d4 32. Bc4 Be6 33. Ng7+ Ke5
34. Nxe6 fxe6 35. Rg6 Rd6 36. Re1 Kf5 37. Rxh6 d3 38. Rh5+ Kf6 39. Rh4 d2 40.
Rd1 Kf5 41. Kf1 1-0

[Event "Staatsliga A 1998/99"]
[Site "Gleisdorf "]
[Date "1998.11.14"]
[Round "2.4"]
[White "Feistenauer, Fred"]
[Black "Titz, Heimo"]
[Result "1-0"]
[WhiteElo "2300"]
[BlackElo "2305"]
[PlyCount "63"]
[EventDate "1998.11.13"]

1. e4 c5 2. Nf3 Nc6 3. g3 g6 4. Bg2 Bg7 5. O-O d6 6. c3 e5 7. Na3 Nge7 8. d3
O-O 9. Nh4 d5 10. Qe2 Be6 11. f4 exf4 12. gxf4 Qd7 13. Qf2 dxe4 14. dxe4 Bh3
15. f5 Bxg2 16. Nxg2 Be5 17. Bh6 Rfd8 18. Nc4 Bh8 19. Nce3 Ne5 20. f6 N7c6 21.
Nd5 Qh3 22. Bf4 Ng4 23. Qe2 Nxf6 24. Bg5 Rxd5 25. exd5 Re8 26. Qf2 Ne5 27. Bxf6
Ng4 28. Qh4 Qxh4 29. Bxh4 Re2 30. Rae1 Rxb2 31. Re8+ Kg7 32. h3 1-0

[Event "Staatsliga A 1998/99"]
[Site "Gleisdorf "]
[Date "1998.11.14"]
[Round "2.5"]
[White "Schumi, Manfred"]
[Black "Thoma, Robert"]
[Result "1/2-1/2"]
[WhiteElo "2260"]
[BlackElo "2285"]
[PlyCount "22"]
[EventDate "1998.11.13"]

1. e4 c6 2. c4 d6 3. Nf3 e5 4. d4 Qc7 5. Nc3 Bg4 6. Be2 Nd7 7. O-O Ngf6 8. Be3
g6 9. Rb1 Bg7 10. dxe5 dxe5 11. Qd2 O-O 1/2-1/2

[Event "Staatsliga A 1998/99"]
[Site "Gleisdorf "]
[Date "1998.11.14"]
[Round "2.6"]
[White "Gaertner, Guntram"]
[Black "Petschar, Kurt"]
[Result "0-1"]
[WhiteElo "2340"]
[BlackElo "2260"]
[PlyCount "72"]
[EventDate "1998.11.13"]

1. d4 Nf6 2. c4 e6 3. Nc3 Bb4 4. Bg5 c5 5. d5 Bxc3+ 6. bxc3 h6 7. Bh4 d6 8. e3
e5 9. Qc2 Kd7 10. Nf3 Kc7 11. Nd2 g5 12. Bg3 Nh5 13. Be2 Ng7 14. O-O-O f5 15.
f3 Nd7 16. h4 Nf6 17. Kb2 Bd7 18. Ka1 Qe7 19. Qb2 Rag8 20. Nb3 b6 21. Qa3 Kb8
22. hxg5 hxg5 23. Rb1 Rxh1 24. Rxh1 f4 25. Bf2 fxe3 26. Bxe3 Nf5 27. Bf2 g4 28.
fxg4 Nxg4 29. Bxg4 Rxg4 30. Rh8+ Bc8 31. Qb2 Qg7 32. Re8 Qf7 33. Rh8 Rxg2 34.
Na5 Ne7 35. Qb5 Qxf2 36. Nc6+ Kc7 0-1

[Event "Staatsliga A 1998/99"]
[Site "Gleisdorf "]
[Date "1998.11.14"]
[Round "2.1"]
[White "Almasi, Zoltan"]
[Black "Schlosser, Philipp"]
[Result "1-0"]
[WhiteElo "2650"]
[BlackElo "2505"]
[PlyCount "81"]
[EventDate "1998.11.13"]

1. e4 c6 2. d4 d5 3. Nc3 dxe4 4. Nxe4 Bf5 5. Ng3 Bg6 6. h4 h6 7. Nf3 Nf6 8. Ne5
Bh7 9. Bd3 Bxd3 10. Qxd3 e6 11. Bf4 Nbd7 12. O-O-O Nxe5 13. Bxe5 Ng4 14. Qe2
Nxe5 15. dxe5 Qa5 16. Kb1 Be7 17. Nh5 g6 18. Ng3 Rd8 19. Rxd8+ Kxd8 20. Qe3 Kc7
21. Qf4 Rf8 22. Ne4 Qd5 23. f3 h5 24. Nf2 Kc8 25. Rd1 Qa5 26. Ne4 Rd8 27. Rc1
Rd7 28. a3 Qc7 29. g3 Bf8 30. Nf6 Rd8 31. g4 Qb6 32. Ka2 Bc5 33. Rb1 Be3 34.
Qe4 Qd4 35. gxh5 gxh5 36. Re1 Bf4 37. Nxh5 Bd2 38. Re2 Qc5 39. c3 Qg1 40. Nf6
Qd1 41. Ng4 1-0

[Event "Staatsliga A 1998/99"]
[Site "Gleisdorf "]
[Date "1998.11.14"]
[Round "2.3"]
[White "Freitag, Manfred"]
[Black "Martinovic, Slobodan"]
[Result "1/2-1/2"]
[WhiteElo "2400"]
[BlackElo "2445"]
[PlyCount "48"]
[EventDate "1998.11.13"]

1. d4 Nf6 2. c4 g6 3. Nf3 Bg7 4. g3 O-O 5. Bg2 c6 6. O-O d6 7. Nc3 Bf5 8. Ne1
Qc8 9. e4 Bh3 10. f3 Bxg2 11. Kxg2 a6 12. Be3 b5 13. cxb5 axb5 14. Nd3 Nbd7 15.
a4 bxa4 16. Nxa4 Qb7 17. Qc2 Rfc8 18. Bf2 Nf8 19. Ra3 Rab8 20. Rfa1 Ne6 21. Nc3
Qd7 22. Ra7 Rc7 23. Rxc7 Qxc7 24. Qa4 Qb7 1/2-1/2

[Event "Staatsliga A 1998/99"]
[Site "Gleisdorf "]
[Date "1998.11.14"]
[Round "2.5"]
[White "Postl, Anton"]
[Black "Grundherr, Martin"]
[Result "0-1"]
[WhiteElo "2295"]
[BlackElo "2335"]
[PlyCount "48"]
[EventDate "1998.11.13"]

1. d4 d5 2. c4 e6 3. Nc3 Be7 4. cxd5 exd5 5. Bf4 Nf6 6. e3 Bf5 7. h3 c5 8. dxc5
Bxc5 9. Nf3 O-O 10. Bd3 Ne4 11. O-O Nc6 12. Rc1 Be7 13. Nb5 Rc8 14. Nbd4 Nxd4
15. Nxd4 Rxc1 16. Qxc1 Bg6 17. Nf3 Bf6 18. Ne5 Qe7 19. Nxg6 hxg6 20. Qc2 Nc5
21. Rc1 Ne6 22. Bg3 d4 23. exd4 Bxd4 24. Qe2 Qg5 0-1

[Event "Staatsliga A 1998/99"]
[Site "Gleisdorf "]
[Date "1998.11.14"]
[Round "2.6"]
[White "Kranewitter, Norbert"]
[Black "Ivancsics, Michael"]
[Result "0-1"]
[WhiteElo "2180"]
[BlackElo "2255"]
[PlyCount "38"]
[EventDate "1998.11.13"]

1. e4 d5 2. exd5 Nf6 3. c4 e6 4. dxe6 Bxe6 5. Nf3 Qe7 6. Qe2 Nc6 7. d4 O-O-O 8.
d5 Qb4+ 9. Nc3 Bf5 10. dxc6 Bc5 11. Be3 Bd3 12. Bxc5 Qxc5 13. cxb7+ Kb8 14.
Qxd3 Rhe8+ 15. Kd1 Ng4 16. Ne4 Qxc4 17. Qxd8+ Rxd8+ 18. Nfd2 Qxe4 19. Rc1 Nxf2#
0-1

[Event "Staatsliga A 1998/99"]
[Site "Gleisdorf "]
[Date "1998.11.14"]
[Round "2.1"]
[White "Polzin, Rainer"]
[Black "Vogt, Lothar"]
[Result "1/2-1/2"]
[WhiteElo "2420"]
[BlackElo "2485"]
[PlyCount "47"]
[EventDate "1998.11.13"]

1. e4 c5 2. Nf3 Nc6 3. d4 cxd4 4. Nxd4 g6 5. Nc3 Bg7 6. Be3 Nf6 7. Bc4 O-O 8.
Bb3 a5 9. f3 d5 10. Bxd5 Nxd5 11. Nxd5 f5 12. Nxc6 bxc6 13. Nb6 Rb8 14. Qxd8
Rxd8 15. Rd1 Rxd1+ 16. Kxd1 fxe4 17. Nxc8 Rxc8 18. b3 exf3 19. gxf3 a4 20. Ke2
Kf7 21. Kd3 Be5 22. h3 Bd6 23. Kc4 Ke6 24. Re1 1/2-1/2

[Event "Staatsliga A 1998/99"]
[Site "Gleisdorf "]
[Date "1998.11.14"]
[Round "2.2"]
[White "Lehner, Oliver"]
[Black "Schwarz, Michael"]
[Result "0-1"]
[WhiteElo "2415"]
[BlackElo "2400"]
[PlyCount "64"]
[EventDate "1998.11.13"]

1. d4 Nf6 2. c4 g6 3. Nc3 d5 4. Nf3 Bg7 5. Bg5 Ne4 6. Bh4 Nxc3 7. bxc3 dxc4 8.
e3 b5 9. a4 c6 10. Be2 Nd7 11. Nd2 Nb6 12. a5 Nd5 13. Qc1 c5 14. O-O cxd4 15.
cxd4 a6 16. Ne4 O-O 17. Bf3 Ra7 18. Rd1 Bb7 19. Nc5 Ba8 20. e4 Nb4 21. Qd2 Nc6
22. e5 Qxd4 23. Qxd4 Nxd4 24. Bxa8 Rfxa8 25. Rxd4 Bxe5 26. Rad1 Bxd4 27. Rxd4
Rc8 28. Ne4 b4 29. Bg5 Rb7 30. Bc1 c3 31. g4 f5 32. gxf5 gxf5 0-1

[Event "Staatsliga A 1998/99"]
[Site "Gleisdorf "]
[Date "1998.11.14"]
[Round "2.4"]
[White "Neumeier, Klaus"]
[Black "Frosch, Erich"]
[Result "1-0"]
[WhiteElo "2270"]
[BlackElo "2280"]
[PlyCount "125"]
[EventDate "1998.11.13"]

1. e4 e5 2. Nf3 Nc6 3. Nc3 Nf6 4. d4 exd4 5. Nxd4 d6 6. Bb5 Bd7 7. Bg5 Be7 8.
Qd3 O-O 9. Bxc6 bxc6 10. O-O-O Rb8 11. Rhe1 Ng4 12. Bxe7 Qxe7 13. Qg3 h5 14. h4
Qf6 15. f3 Qh6+ 16. Rd2 Ne5 17. b3 c5 18. Nde2 Rfe8 19. Nf4 c4 20. Qg5 Qxg5 21.
hxg5 cxb3 22. axb3 g6 23. Ncd5 Kg7 24. Nd3 Nxd3+ 25. Rxd3 Rb7 26. Nf6 Re7 27.
e5 Bf5 28. Rde3 Be6 29. Rd1 Rb5 30. c4 Ra5 31. Kb2 Bf5 32. f4 Rc5 33. Ree1 Bg4
34. exd6 Rxe1 35. Rxe1 cxd6 36. Re8 Rc8 37. Rxc8 Bxc8 38. Ne8+ Kf8 39. Nxd6 Bd7
40. g3 Ke7 41. Ne4 Bc6 42. Nf6 a5 43. Kc3 Kd6 44. b4 axb4+ 45. Kxb4 Bf3 46. c5+
Kc6 47. Kc4 Bg2 48. Kd4 Bh1 49. Ne4 Bg2 50. Ke5 Kd7 51. Nd6 Ke7 52. Nb5 Bh1 53.
Nd4 Kd7 54. Kf6 Bd5 55. Nb5 Kc6 56. Nd6 Kxc5 57. Nxf7 Kd4 58. Kxg6 Ke3 59. Nh6
h4 60. Nf5+ Kf3 61. gxh4 Kxf4 62. Kf6 Be4 63. Ng7 1-0

[Event "Staatsliga A 1998/99"]
[Site "Gleisdorf "]
[Date "1998.11.14"]
[Round "2.5"]
[White "Kotz, Heinz Peter"]
[Black "Ganaus, Hannes"]
[Result "0-1"]
[WhiteElo "2265"]
[BlackElo "2225"]
[PlyCount "88"]
[EventDate "1998.11.13"]

1. e4 c6 2. d4 d5 3. e5 c5 4. dxc5 e6 5. Nf3 Nd7 6. Bb5 Bxc5 7. Bd3 Ne7 8. Qe2
Qc7 9. Bf4 h6 10. h4 a6 11. c3 Ba7 12. Nbd2 Nc5 13. Bc2 Bd7 14. Nd4 O-O-O 15.
N2f3 g5 16. Bg3 g4 17. Nh2 h5 18. O-O Na4 19. Bd3 Kb8 20. Kh1 Ka8 21. f3 f5 22.
Rfc1 Rdf8 23. f4 Ng6 24. Nf1 Qd8 25. Nb3 Nxh4 26. c4 dxc4 27. Rxc4 Ng6 28. Rac1
Qb6 29. Nc5 Nxc5 30. Rxc5 h4 31. Bf2 Nxf4 32. Qd2 Nxd3 33. Qxd3 Bb5 34. Qc3 Rb8
35. Nd2 g3 36. Bd4 Qd8 37. Nf3 Bxc5 38. Qxc5 b6 39. Qb4 Rc8 40. Rxc8+ Qxc8 41.
Bxb6 h3 42. Bc5 Qb7 43. a4 hxg2+ 44. Kxg2 Bf1+ 0-1

[Event "Staatsliga A 1998/99"]
[Site "Gleisdorf "]
[Date "1998.11.14"]
[Round "2.6"]
[White "Boehsmueller, Raimund"]
[Black "Poeltl, Thomas"]
[Result "0-1"]
[WhiteElo "2170"]
[BlackElo "2225"]
[PlyCount "40"]
[EventDate "1998.11.13"]

1. e4 e6 2. b3 d5 3. Bb2 c5 4. Nc3 d4 5. Nce2 Nc6 6. Ng3 Bd6 7. Bb5 Nge7 8. Nf3
O-O 9. Qe2 Ne5 10. O-O N7g6 11. Nh5 Nxf3+ 12. Qxf3 Qg5 13. Qe2 f5 14. c3 f4 15.
Ng3 fxg3 16. fxg3 a6 17. Rxf8+ Nxf8 18. Be8 e5 19. Rf1 Be6 20. h4 Qxg3 0-1

[Event "Staatsliga A 1998/99"]
[Site "Gleisdorf "]
[Date "1998.11.14"]
[Round "2.1"]
[White "Grosar, Aljosa"]
[Black "Lukacs, Peter"]
[Result "1/2-1/2"]
[WhiteElo "2450"]
[BlackElo "2475"]
[PlyCount "24"]
[EventDate "1998.11.13"]

1. e4 e5 2. Nf3 Nc6 3. d4 exd4 4. Nxd4 Bc5 5. Nxc6 Qf6 6. Qd2 bxc6 7. Bd3 Ne7
8. O-O d6 9. Kh1 Qh4 10. Nc3 O-O 11. Qf4 Qxf4 12. Bxf4 f5 1/2-1/2

[Event "Staatsliga A 1998/99"]
[Site "Gleisdorf "]
[Date "1998.11.14"]
[Round "2.2"]
[White "Volkmann, Friedrich"]
[Black "Lipinsky, Fabian"]
[Result "1/2-1/2"]
[WhiteElo "2415"]
[BlackElo "2390"]
[PlyCount "39"]
[EventDate "1998.11.13"]

1. Nf3 d5 2. d4 c6 3. c4 Nf6 4. e3 e6 5. Bd3 a6 6. b3 c5 7. O-O Nc6 8. Bb2 dxc4
9. bxc4 Be7 10. Nc3 cxd4 11. exd4 Nxd4 12. Nxd4 Qxd4 13. Nd5 Qc5 14. Ba3 Qxa3
15. Nc7+ Kf8 16. Nxa8 Bd7 17. Be2 Qc5 18. Rb1 Bc6 19. Bf3 Ne4 20. Qd3 1/2-1/2

[Event "Staatsliga A 1998/99"]
[Site "Gleisdorf "]
[Date "1998.11.14"]
[Round "2.4"]
[White "Dueckstein, Andreas"]
[Black "Stajcic, Nikola"]
[Result "1-0"]
[WhiteElo "2340"]
[BlackElo "2315"]
[PlyCount "125"]
[EventDate "1998.11.13"]

1. e4 c6 2. d4 d5 3. Nc3 dxe4 4. Nxe4 Nd7 5. Bc4 Ngf6 6. Nxf6+ Nxf6 7. Nf3 e6
8. O-O Be7 9. Ne5 O-O 10. Bg5 Nd5 11. Bxe7 Qxe7 12. c3 Rd8 13. Qf3 Qc7 14. Rfe1
b6 15. Bd3 Rf8 16. Re4 Bb7 17. Rh4 f5 18. Bc4 Qe7 19. Bxd5 cxd5 20. Qh3 g5 21.
Rh5 Qg7 22. f4 g4 23. Qh4 Rf6 24. Rxh7 Qxh7 25. Qxf6 Re8 26. Re1 Qg7 27. Qh4
Qh7 28. Qxh7+ Kxh7 29. Re3 Rg8 30. Kf2 Kg7 31. h3 gxh3 32. Rxh3 Kf8 33. Kf3 Rg7
34. Rh8+ Ke7 35. Rb8 Ba6 36. Ra8 Kd6 37. Rd8+ Kc7 38. Rf8 Bc8 39. Rf7+ Rxf7 40.
Nxf7 Ba6 41. Ne5 Kd6 42. g4 fxg4+ 43. Kxg4 Bb5 44. Kg5 Ba4 45. Kf6 Bc2 46. Nf7+
Kd7 47. Ke5 Bf5 48. Nh6 Bb1 49. a3 a5 50. Ng4 b5 51. b4 axb4 52. cxb4 Bf5 53.
Ne3 Bd3 54. f5 exf5 55. Nxd5 Bf1 56. Nf4 Bc4 57. d5 Bb3 58. Ne6 Bc2 59. Nd4 Bd3
60. Nxf5 Bf1 61. Nd4 Bc4 62. Ne6 Bf1 63. Nc5+ 1-0

[Event "Staatsliga A 1998/99"]
[Site "Gleisdorf "]
[Date "1998.11.14"]
[Round "2.5"]
[White "Roth, Peter"]
[Black "Neulinger, Manfred"]
[Result "1/2-1/2"]
[WhiteElo "2275"]
[BlackElo "2270"]
[PlyCount "32"]
[EventDate "1998.11.13"]

1. e4 c6 2. d4 d5 3. Nc3 dxe4 4. Nxe4 Bf5 5. Ng3 Bg6 6. h4 h6 7. Nf3 Nf6 8. Ne5
Bh7 9. Bd3 Bxd3 10. Qxd3 e6 11. Bf4 Nd5 12. Bd2 Nd7 13. O-O-O Nxe5 14. dxe5 Nb6
15. Qe2 Qd5 16. Kb1 Qb5 1/2-1/2

[Event "Staatsliga A 1998/99"]
[Site "Gleisdorf "]
[Date "1998.11.14"]
[Round "2.6"]
[White "Posch, Werner"]
[Black "Spindelboeck, Gernot"]
[Result "1-0"]
[WhiteElo "2295"]
[BlackElo "2235"]
[PlyCount "89"]
[EventDate "1998.11.13"]

1. e4 e6 2. d3 d5 3. Nd2 c5 4. Ngf3 Nc6 5. g3 Nf6 6. Bg2 Be7 7. O-O b6 8. Re1
Bb7 9. c3 Qc7 10. a3 O-O-O 11. Qe2 h6 12. h4 Ba6 13. e5 Nd7 14. Nf1 g5 15. hxg5
hxg5 16. N1h2 Rdg8 17. Ng4 Nd8 18. b4 f5 19. exf6 Nxf6 20. Nfe5 Nxg4 21. Nxg4
Bd6 22. Rb1 Qh7 23. b5 Bb7 24. Bb2 d4 25. Bxb7+ Nxb7 26. Qe4 Qh3 27. Re2 e5 28.
Rc1 Kb8 29. a4 Rf8 30. Ra1 Rh4 31. gxh4 Rf4 32. Nxe5 Rxe4 33. Rxe4 gxh4 34.
cxd4 cxd4 35. Bxd4 Nc5 36. Re3 Qf5 37. Rae1 Kc7 38. Rf3 Qg5+ 39. Kh1 Qd2 40.
Rf7+ Nd7 41. Rg1 Kc8 42. Nxd7 Bg3 43. Be3 Qxd3 44. Rc1+ Bc7 45. Rxc7+ 1-0

[Event "Staatsliga A 1998/99"]
[Site "Gleisdorf "]
[Date "1998.11.14"]
[Round "2.2"]
[White "Popovic, Petar"]
[Black "Weinzettl, Ernst"]
[Result "1/2-1/2"]
[WhiteElo "2510"]
[BlackElo "2400"]
[PlyCount "84"]
[EventDate "1998.11.13"]

1. e4 e6 2. d4 d5 3. Nd2 c5 4. Ngf3 Nf6 5. exd5 Qxd5 6. Bc4 Qc6 7. O-O Nbd7 8.
Re1 b5 9. Bf1 Bb7 10. c4 bxc4 11. Nxc4 Qc7 12. Nfe5 Nxe5 13. dxe5 Nd5 14. Bg5
h6 15. Bd2 Be7 16. Rc1 Qd7 17. Qg4 Kf8 18. Qg3 Rd8 19. Red1 g6 20. Nd6 Bxd6 21.
exd6 Qxd6 22. Qxd6+ Rxd6 23. Rxc5 Kg7 24. Ra5 a6 25. Bb4 Rc6 26. Bc5 Rhc8 27.
b4 g5 28. Ra3 Kg6 29. Rd4 Ra8 30. Rc4 f5 31. Ra5 Nf6 32. f3 Rd8 33. Rd4 Rxd4
34. Bxd4 Nd5 35. Bc5 e5 36. Bc4 Nxb4 37. Bxb4 Rxc4 38. a3 e4 39. fxe4 fxe4 40.
Rc5 Rxc5 41. Bxc5 Kf6 42. Kf2 Ke6 1/2-1/2

[Event "Staatsliga A 1998/99"]
[Site "Gleisdorf "]
[Date "1998.11.14"]
[Round "2.3"]
[White "Herzog, Adolf"]
[Black "Penz, Harald"]
[Result "0-1"]
[WhiteElo "2400"]
[BlackElo "2390"]
[PlyCount "96"]
[EventDate "1998.11.13"]

1. Nc3 Nf6 2. g3 d5 3. Bg2 g6 4. d3 Bg7 5. Nf3 O-O 6. O-O Nc6 7. h3 d4 8. Nb1
Nd5 9. Qe1 Qd6 10. e4 dxe3 11. fxe3 f5 12. a3 Ne5 13. Nbd2 c6 14. Kh2 Nxf3+ 15.
Rxf3 e6 16. e4 Nc7 17. Nc4 Qd8 18. e5 Ne8 19. Bd2 Rf7 20. a4 b6 21. Rf2 Qc7 22.
Bb4 Bf8 23. Bxf8 Kxf8 24. Qb4+ c5 25. Qc3 Rb8 26. Re1 Kg8 27. b3 Bb7 28. Bxb7
Rxb7 29. Qd2 Rb8 30. b4 Rd8 31. b5 Rfd7 32. Qg5 Rf7 33. Ra1 Rd4 34. Rf4 Qd7 35.
Raf1 Kg7 36. Qh4 Rd5 37. g4 Rd4 38. g5 Rxf4 39. Qxf4 Qd5 40. Ne3 Qb7 41. h4 Rd7
42. Qg3 Kg8 43. Nc4 Ng7 44. Nd6 Qd5 45. c4 Qd4 46. Rf4 Qxe5 47. Ne4 Nh5 48.
Nf6+ Qxf6 0-1

[Event "Staatsliga A 1998/99"]
[Site "Gleisdorf "]
[Date "1998.11.14"]
[Round "2.4"]
[White "Bawart, Markus"]
[Black "Staudner, Oliver"]
[Result "1/2-1/2"]
[WhiteElo "2345"]
[BlackElo "2350"]
[PlyCount "26"]
[EventDate "1998.11.13"]

1. d4 Nf6 2. c4 g6 3. Nc3 Bg7 4. e4 d6 5. Be2 O-O 6. Nf3 e5 7. O-O exd4 8. Nxd4
Re8 9. f3 Nc6 10. Nc2 Nh5 11. g4 Be5 12. gxh5 Bxh2+ 13. Kxh2 Qh4+ 1/2-1/2

[Event "Staatsliga A 1998/99"]
[Site "Gleisdorf "]
[Date "1998.11.14"]
[Round "2.6"]
[White "Zoebisch, Herbert"]
[Black "Plank, Franz"]
[Result "1/2-1/2"]
[WhiteElo "2235"]
[BlackElo "2270"]
[PlyCount "59"]
[EventDate "1998.11.13"]

1. d4 d5 2. c4 e6 3. Nc3 c6 4. Nf3 dxc4 5. a4 Bb4 6. e3 b5 7. Bd2 Qb6 8. Ne5
Nd7 9. axb5 Nxe5 10. dxe5 cxb5 11. Ne4 Bb7 12. Bxb4 Bxe4 13. Qg4 Bg6 14. Qf3
Rc8 15. Be2 Ne7 16. O-O Nc6 17. Bd6 a5 18. Rfd1 Nd8 19. h4 h5 20. Rac1 Nb7 21.
Qg3 Nxd6 22. exd6 Kd7 23. Qg5 Rhe8 24. e4 Rc5 25. e5 Qd8 26. Qe3 Qb6 27. Qg5
Qd8 28. Qe3 Qb6 29. Qg5 Qd8 30. Qe3 1/2-1/2

[Event "Staatsliga A 1998/99"]
[Site "Gleisdorf "]
[Date "1998.11.15"]
[Round "3.2"]
[White "Schmittdiel, Eckhard"]
[Black "Popovic, Petar"]
[Result "1/2-1/2"]
[WhiteElo "2470"]
[BlackElo "2510"]
[PlyCount "38"]
[EventDate "1998.11.13"]

1. e4 c5 2. c3 d5 3. exd5 Qxd5 4. d4 Nf6 5. Nf3 Bg4 6. Qa4+ Bd7 7. Qb3 cxd4 8.
Nxd4 Nc6 9. Nb5 Qe5+ 10. Be2 a6 11. Nd4 Nxd4 12. cxd4 Qd5 13. Bf3 Qxb3 14. axb3
Bc6 15. Bxc6+ bxc6 16. Ke2 e6 17. Be3 Bd6 18. Nd2 Kd7 19. Ra4 Nd5 1/2-1/2

[Event "Staatsliga A 1998/99"]
[Site "Gleisdorf "]
[Date "1998.11.15"]
[Round "3.3"]
[White "Penz, Harald"]
[Black "Duer, Arne"]
[Result "1/2-1/2"]
[WhiteElo "2390"]
[BlackElo "2375"]
[PlyCount "46"]
[EventDate "1998.11.13"]

1. e4 c5 2. Nf3 e6 3. c3 d5 4. exd5 Qxd5 5. d4 Nf6 6. Be2 Nc6 7. Na3 Qd8 8. Nc2
Be7 9. Be3 Nd5 10. dxc5 Nxe3 11. Qxd8+ Kxd8 12. Nxe3 Bxc5 13. Ng5 Ke7 14. Ne4
Bxe3 15. fxe3 Ne5 16. O-O-O Bd7 17. Rhg1 Bc6 18. Rd4 Rhd8 19. Nd2 Rac8 20. b3
Nd7 21. c4 Nc5 22. Nf3 f6 23. Rgd1 a5 1/2-1/2

[Event "Staatsliga A 1998/99"]
[Site "Gleisdorf "]
[Date "1998.11.15"]
[Round "3.4"]
[White "Duer, Werner"]
[Black "Bawart, Markus"]
[Result "1/2-1/2"]
[WhiteElo "2310"]
[BlackElo "2345"]
[PlyCount "33"]
[EventDate "1998.11.13"]

1. d4 Nf6 2. Nf3 d5 3. c4 c6 4. Nc3 e6 5. cxd5 exd5 6. Bg5 Bd6 7. e3 Bf5 8. Qb3
Qb6 9. Qxb6 axb6 10. Bxf6 gxf6 11. Nh4 Bg6 12. Kd2 f5 13. g3 Be7 14. Ng2 Nd7
15. Nf4 Nf6 16. f3 b5 17. Bd3 1/2-1/2

[Event "Staatsliga A 1998/99"]
[Site "Gleisdorf "]
[Date "1998.11.15"]
[Round "3.5"]
[White "Loeffler, Stefan"]
[Black "Laube, Bernhard"]
[Result "1-0"]
[WhiteElo "2385"]
[BlackElo "2285"]
[PlyCount "31"]
[EventDate "1998.11.13"]

1. Nf3 g6 2. d4 Bg7 3. c4 d6 4. g3 e5 5. dxe5 dxe5 6. Qxd8+ Kxd8 7. Nc3 c6 8.
Be3 f5 9. Bc5 Be6 10. Ng5 Bxc4 11. e4 h6 12. Bxc4 hxg5 13. O-O-O+ Nd7 14. Be6
Ngf6 15. Rxd7+ Nxd7 16. Rd1 1-0

[Event "Staatsliga A 1998/99"]
[Site "Gleisdorf "]
[Date "1998.11.15"]
[Round "3.6"]
[White "Gerhold, Michael"]
[Black "Zoebisch, Herbert"]
[Result "1-0"]
[WhiteElo "2265"]
[BlackElo "2235"]
[PlyCount "63"]
[EventDate "1998.11.13"]

1. e4 e5 2. Nf3 Nc6 3. Bc4 Bc5 4. c3 Nf6 5. d3 a6 6. Bb3 Ba7 7. Nbd2 O-O 8. O-O
d5 9. Re1 Re8 10. exd5 Nxd5 11. Nc4 f6 12. d4 e4 13. Nfd2 f5 14. Ne3 Nce7 15.
f3 Kh8 16. Nxd5 Nxd5 17. fxe4 fxe4 18. Nxe4 Bf5 19. Bg5 Qd7 20. Qf3 c6 21. Nd6
Rxe1+ 22. Rxe1 Bg6 23. Nc4 Bf5 24. Rf1 Be6 25. Ne5 Qc7 26. Kh1 Kg8 27. Qh5 g6
28. Qh4 Rf8 29. Rxf8+ Kxf8 30. Bh6+ Ke8 31. Bxd5 Bxd5 32. Qf6 1-0

[Event "Staatsliga A 1998/99"]
[Site "Gleisdorf "]
[Date "1998.11.15"]
[Round "3.2"]
[White "Weinzettl, Ernst"]
[Black "Volkmann, Friedrich"]
[Result "0-1"]
[WhiteElo "2400"]
[BlackElo "2415"]
[PlyCount "86"]
[EventDate "1998.11.13"]

1. e4 c5 2. Nf3 Nc6 3. Bb5 e6 4. O-O Nge7 5. d3 a6 6. Bxc6 Nxc6 7. Ng5 h6 8.
Nh3 d5 9. exd5 exd5 10. Re1+ Be7 11. Nf4 d4 12. Nd2 O-O 13. Ne4 g5 14. Nh5 f5
15. Neg3 f4 16. Ne4 Bf5 17. Nxf4 gxf4 18. Bxf4 Bxe4 19. Rxe4 Bg5 20. Bxg5 hxg5
21. Qg4 Qf6 22. f4 Qf5 23. Qg3 Rf7 24. fxg5 Raf8 25. h4 Nb4 26. c3 Nc2 27. Rc1
Qf2+ 28. Kh2 Ne3 29. g6 Nf1+ 30. Rxf1 Qxg3+ 31. Kxg3 Rxf1 32. h5 Kg7 33. Re7+
Kh6 34. Rh7+ Kg5 35. cxd4 cxd4 36. g7 Rg8 37. h6 Kg6 38. Rh8 Kf7 39. Kg4 Re1
40. Kf5 Ree8 41. Rxg8 Kxg8 42. Kf6 Rc8 43. g4 Rc6+ 0-1